Furánové analógy anhydridu kyseliny izatoovej v syntéze diazepínov

Na minha lista:
Detalhes bibliográficos
Autor principal: Gallovič, Ján (Author)
Formato: Manuscrito Livro
Idioma:eslovaco
Publicado em: Bratislava : STU v Bratislave ChtF, 2000
Edição:Obhaj.:5.6.2000
Tags: Adicionar Tag
Sem tags, seja o primeiro a adicionar uma tag!

MARC

LEADER 00000ntm a22000003a 4500
001 stu53991
005 20150617225703.9
008 000608s2000----xo------------------slo-d
040 |a STU  |b slo 
041 0 |a slo 
044 |a xo 
100 1 |a Gallovič, Ján  |4 aut 
245 1 |a Furánové analógy anhydridu kyseliny izatoovej v syntéze diazepínov 
250 |a Obhaj.:5.6.2000 
260 |a Bratislava :  |b STU v Bratislave ChtF,  |c 2000 
300 |a 72 s. Obr., lit 
500 |a Špec.:Organická chémia 
996 |b 284C018381  |c C*D12946  |l CCI  |s A  |a 24  |w stu53991_0001